000 01863cam a22005054i 4500
003 PE-LiUPU
005 20250731184530.0
008 150623s r 000 0 d
020 _a0963583700
035 _a(Sirsi) i9780963583703
040 _aPE-LiUPU
_bspa
_cPE-LiUPU
_erda
049 _aPRUA
082 0 4 _a956.95
_bV28
_221
100 1 _aVan Wyk, Koot,
_eautor.
245 1 0 _aSquatters in Moab /
_cKoot Van Wyk.
264 1 _aMichigan :
_bLouis Hester Publications,
_c1993.
300 _a193 páginas :
_bilustraciones, gráficos ;
_c21 centímetros
336 _atext
_2rdacontent
337 _aunmediated
_2rdamedia
338 _avolume
_2rdacarrier
490 0 _aMonograph in cross-cultural issues
504 _aBibliografía al pie de páginas.
505 0 _aMethodological constraints in the study of the Moabite seals. -Moabite seals reinvestigated. -Ethnological constraints and cross-cultural squatting in Moab. -Moabite iconography and culture consumption. -Moabite seals and ritual. -The Moabite seals and historical gleanings.
526 _aP136
526 _aP135
526 _aP134
526 _aP133
526 _aP144
526 _aP143
526 _aP87
526 _aP35
526 _aP20
526 _aP14
526 _aP10
526 _aP06
650 0 4 _aJordania
_xCivilización.
650 0 4 _aOcupantes ilegales
_zJordania
_xHistoria.
650 0 4 _aSellos (Numismática)
_zJordania.
942 _2ddc
_cBOOK
949 _a956.95 V28
_wDEWEY
_c1
_i45010
_lCCODEBUL1
_mBUL
_r0
_sY
_tBOOK
_u2015-6-24
_xTEOLOGIA
_PP35
_0COMPRA
_o.STAFF. Colección General
994 _aC0
_bPEPRU
596 _a1
999 _a956.95 V28
_wDEWEY
_c21889
_i45010
_f2021-11-11
_g5
_lCCODEBUL1
_mBUL
_r0
_sY
_tBOOK
_u2015-6-24
_xTEOLOGIA
_PP35
_0COMPRA
_o.STAFF. Colección General
_d21889
980 _81
_gALBERTO SANCHEZ Responsable de Automatización